Selected Decisions and Selected Documents of the International Monetary Fund, 33rd Issue.

This volume is the Thirty-Third Issue of "Selected Decisions and Selected Documents of the International Monetary Fund." It includes decisions, interpretations, and resolutions of the Executive Board and the Board of Governors of the International Monetary Fund, as well selected documents,...

Ausführliche Beschreibung

Bibliographische Detailangaben
Körperschaft: International Monetary Fund
Format: Zeitschrift
Sprache:English
Veröffentlicht: Washington, D.C. : International Monetary Fund, 2008.
Schriftenreihe:Selected Decisions; Thirty-Third Issue, 2008
Online Zugang:Full text available on IMF
LEADER 01532cas a2200241 a 4500
001 AALejournalIMF023075
008 230101c9999 xx r poo 0 0eng d
020 |c 15.00 USD 
020 |z 9781589068360 
022 |a 1087-4275 
040 |a BD-DhAAL  |c BD-DhAAL 
110 2 |a International Monetary Fund. 
245 1 0 |a Selected Decisions and Selected Documents of the International Monetary Fund, 33rd Issue. 
264 1 |a Washington, D.C. :  |b International Monetary Fund,  |c 2008. 
300 |a 1 online resource (946 pages) 
490 1 |a Selected Decisions 
500 |a <strong>Off-Campus Access:</strong> No User ID or Password Required 
500 |a <strong>On-Campus Access:</strong> No User ID or Password Required 
506 |a Electronic access restricted to authorized BRAC University faculty, staff and students 
520 3 |a This volume is the Thirty-Third Issue of "Selected Decisions and Selected Documents of the International Monetary Fund." It includes decisions, interpretations, and resolutions of the Executive Board and the Board of Governors of the International Monetary Fund, as well selected documents, to which frequent reference is made in the current activities of the Fund. In addition, it includes certain documents relating to the Fund, the United States, and other international organizations. 
538 |a Mode of access: Internet 
830 0 |a Selected Decisions; Thirty-Third Issue, 2008 
856 4 0 |z Full text available on IMF  |u https://elibrary.imf.org/openurl?genre=book&isbn=9781589068360  |z IMF e-Library